exercises and solutions mechanics-1 (Record no. 8576)
[ view plain ]
| 000 -LEADER | |
|---|---|
| fixed length control field | 00279nam a22001097a 4500 |
| 040 ## - CATALOGING SOURCE | |
| Transcribing agency | HS |
| 082 ## - DEWEY DECIMAL CLASSIFICATION NUMBER | |
| Classification number | 615 |
| 100 ## - MAIN ENTRY--AUTHOR NAME | |
| Personal name | ហង់ ស៊ីម |
| 245 ## - TITLE STATEMENT | |
| Title | exercises and solutions mechanics-1 |
| 260 ## - PUBLICATION, DISTRIBUTION, ETC. (IMPRINT) | |
| Place of publication | royal university of phnom penh |
| Name of publisher | ហង់ ស៊ីម |
| Year of publication | 2001 |
| 942 ## - ADDED ENTRY ELEMENTS (KOHA) | |
| Koha item type | សៀវភៅភាសាខ្មែរ |
| 952 ## - LOCATION AND ITEM INFORMATION (KOHA) | |
| Withdrawn status [LOCAL, KOHA] | 0 |
| Permanent Location | Date acquired | Koha item type | Lost status | Shelving location | Barcode | Current Location | Full call number |
|---|---|---|---|---|---|---|---|
| Library Block C | 2016-08-05 | សៀវភៅភាសាខ្មែរ | C244 | RUA042874 | Library Block C | 615 ហង់ 2001 C244 |